Pályaválasztási nap - a legújabb számítógépes programokat is megismerhették
| Main Authors: | , , |
|---|---|
| Format: | Book |
| Language: | No linguistic content |
| Published: |
2023-04-20
|
| Series: | Zalaegerszegi Televízió
Zalaegerszegi Televízió |
| Online Access: | Dokumentum-elérés Dokumentum-elérés |
| LEADER | 01342ngm a2200277 i 4500 | ||
|---|---|---|---|
| 001 | tort669 | ||
| 005 | 20230421103756.0 | ||
| 008 | 230421s2023 hu o 0|| zxx d | ||
| 040 | |a PEREPO TORTENET |b hun | ||
| 041 | |a zxx | ||
| 100 | 1 | |a Kolozsvári Ilona | |
| 245 | 1 | 0 | |a Pályaválasztási nap - a legújabb számítógépes programokat is megismerhették |h [elektronikus dokumentum] / |c Ilona Kolozsvári |
| 260 | |c 2023-04-20 | ||
| 490 | 0 | |a Zalaegerszegi Televízió | |
| 490 | 0 | |a Zalaegerszegi Televízió | |
| 695 | |a Pannon Egyetem Zalaegerszegi Egyetemi Központ - PE ZEK | ||
| 695 | |a pályaorientáció - pályaválasztás | ||
| 695 | |a Zala Megyei Kereskedelmi és Iparkamara | ||
| 695 | |a interjú | ||
| 695 | |a videó | ||
| 695 | |a Youtube | ||
| 695 | |a előadás | ||
| 700 | 0 | 1 | |a Inkovics Gábor |e aut |
| 700 | 0 | 1 | |a Gáspár Zsolt |e aut |
| 856 | 4 | 0 | |u https://perepo-tortenet.uni-pannon.hu/id/eprint/669/1/2023-04-20_ztv_P%C3%A1lyav%C3%A1laszt%C3%A1si%20nap%20-%20a%20leg%C3%BAjabb%20sz%C3%A1m%C3%ADt%C3%B3g%C3%A9pes%20programokat%20is%20megismerhett%C3%A9k%20%5B720p%5D.mp4 |z Dokumentum-elérés |
| 856 | 4 | 0 | |u https://perepo-tortenet.uni-pannon.hu/id/eprint/669/2/2023-04-20_ztv_P%C3%A1lyav%C3%A1laszt%C3%A1si%20nap%20-%20a%20leg%C3%BAjabb%20sz%C3%A1m%C3%ADt%C3%B3g%C3%A9pes%20programokat%20is%20megismerhett%C3%A9k.pdf |z Dokumentum-elérés |